[Event "CYCC U14 w"]
[Site "Windsor CAN"]
[Date "2010.07.08"]
[Round "6"]
[White "Vyravanathan, Sobiga"]
[Black "Robinson, Emily"]
[Result "1-0"]
[WhiteElo "1242"]
[BlackElo "1112"]
[PlyCount "67"]
[EventDate "2010.07.06"]
[EventType "swiss"]
[EventRounds "7"]
[EventCountry "CAN"]

1. e4 e5 2. Nf3 Bd6 3. Nc3 c6 4. Bc4 Qe7 5. d3 Nf6 6. Bg5 O-O 7. O-O b5 8. Bb3
a5 9. a3 a4 10. Ba2 Ra5 11. Qd2 b4 12. axb4 Bxb4 13. Qd1 Bxc3 14. bxc3 d5 15.
h3 Qd6 16. Qe1 d4 17. cxd4 exd4 18. Qxa5 Nbd7 19. e5 Qc5 20. Qxc5 Nxc5 21. exf6
g6 22. Ne5 Bb7 23. Bh6 Ne6 24. Bxf8 Nxf8 25. Bxf7+ Kh8 26. Rxa4 c5 27. Ra7 h6
28. Nxg6+ Nxg6 29. Bxg6 Bd5 30. Re1 Bc6 31. Rc7 Bb5 32. Re8+ Bxe8 33. Rc8 Kg8
34. Rxe8# 1-0

[Event "CYCC U14 w"]
[Site "Windsor CAN"]
[Date "2010.07.08"]
[Round "6"]
[White "Wang, Yan"]
[Black "Xiao, Alice"]
[Result "1-0"]
[WhiteElo "1577"]
[BlackElo "1720"]
[PlyCount "67"]
[EventDate "2010.07.06"]
[EventType "swiss"]
[EventRounds "7"]
[EventCountry "CAN"]

1. e4 d5 2. exd5 Qxd5 3. Nc3 Qa5 4. Nf3 c6 5. h3 e5 6. Bc4 Be7 7. O-O Bf5 8. d3
Nf6 9. Bd2 Qc7 10. Re1 Nbd7 11. Qe2 Bd6 12. d4 e4 13. Nh4 Bg6 14. Nxg6 hxg6 15.
Nxe4 O-O-O 16. Ng5 Rh5 17. Bxf7 Nf8 18. Bb3 Kb8 19. c3 N6h7 20. Nf7 Rc8 21.
Nxd6 Qxd6 22. Qe7 Qf6 23. Re2 Ng5 24. Rae1 Qf5 25. Qe5+ Qxe5 26. Rxe5 Ngh7 27.
Re7 Rf5 28. Rxg7 c5 29. Ree7 Rd8 30. Rxb7+ Ka8 31. Bc2 Rfd5 32. Rxa7+ Kb8 33.
Bf4+ Kc8 34. Ra8# 1-0

[Event "CYCC U14 w"]
[Site "Windsor CAN"]
[Date "2010.07.08"]
[Round "6"]
[White "Yu, Kexin"]
[Black "Hou, Louisa Qianqian"]
[Result "0-1"]
[WhiteElo "1384"]
[BlackElo "1256"]
[PlyCount "150"]
[EventDate "2010.07.06"]
[EventType "swiss"]
[EventRounds "7"]
[EventCountry "CAN"]

1. e4 c5 2. Nc3 d6 3. g3 g6 4. Bg2 Bg7 5. f4 Nc6 6. Nf3 Nf6 7. O-O O-O 8. d3
Bd7 9. Qe1 Rb8 10. a4 a6 11. h3 b5 12. axb5 axb5 13. g4 Qc7 14. f5 b4 15. Ne2
Ra8 16. Rb1 Rac8 17. Qh4 Qb6 18. Kh1 Nd4 19. Nexd4 cxd4 20. Qf2 Ne8 21. Bg5 Nf6
22. Qxd4 Qxd4 23. Nxd4 e6 24. Rfc1 Rfe8 25. c3 bxc3 26. bxc3 h6 27. Bd2 Rb8 28.
Ne2 Rxb1 29. Rxb1 gxf5 30. gxf5 exf5 31. Ng3 fxe4 32. Nxe4 Nxe4 33. Bxe4 Bxh3
34. Rb6 Rd8 35. c4 Bd4 36. Bxh6 Bxb6 37. Bg5 Rb8 38. Bf4 Bc5 39. Kh2 Be6 40.
Kg3 Kg7 41. Bd2 Bd4 42. Ba5 Be5+ 43. Kf3 f5 44. Bc6 Kg6 45. Bd2 Rd8 46. Be3 Bf6
47. Bb6 Rh8 48. Bb5 Rh3+ 49. Kg2 Rh4 50. Bc7 Be5 51. Be8+ Bf7 52. Bc6 Kg5 53.
c5 Rh6 54. Bb5 Bf4 55. c6 d5 56. Bd8+ Kg4 57. c7 Be6 58. Ba6 Rh8 59. Bb7 Bg3
60. Bxd5 Bc8 61. Bc4 Bh4 62. Bxh4 Kxh4 63. Kf3 Rh7 64. Bg8 Rxc7 65. Kf4 Rg7 66.
Bd5 Rg4+ 67. Ke3 Kg3 68. Bf3 f4+ 69. Ke2 Rg7 70. Bd5 Bg4+ 71. Kf1 f3 72. Bc4
Re7 73. d4 Bh3+ 74. Kg1 Re1+ 75. Bf1 Rxf1# 0-1

[Event "CYCC U14 w"]
[Site "Windsor CAN"]
[Date "2010.07.09"]
[Round "7"]
[White "Hou, Louisa Qianqian"]
[Black "Ding, Jill"]
[Result "0-1"]
[WhiteElo "1256"]
[BlackElo "1220"]
[PlyCount "118"]
[EventDate "2010.07.06"]
[EventType "swiss"]
[EventRounds "7"]
[EventCountry "CAN"]

1. d4 f5 2. Nf3 Nf6 3. Bg5 Ne4 4. Bh4 g6 5. Nbd2 Nxd2 6. Qxd2 Bg7 7. e3 O-O 8.
Bc4+ Kh8 9. Bb3 h6 10. O-O d6 11. c3 Nd7 12. Rfe1 Nf6 13. h3 Qe8 14. Bc2 e5 15.
dxe5 dxe5 16. Rad1 c5 17. Qc1 e4 18. Nd2 g5 19. Bg3 b6 20. a4 h5 21. Nc4 Qg6
22. Ne5 Qh6 23. Bb3 h4 24. Nf7+ Rxf7 25. Bxf7 hxg3 26. fxg3 Ba6 27. c4 Rf8 28.
Bd5 g4 29. h4 Nh5 30. Kf2 Be5 31. Ke2 Nxg3+ 32. Kd2 f4 33. Kc2 fxe3 34. Qxe3
Qxe3 35. Rxe3 Rf2+ 36. Rd2 Rxd2+ 37. Kxd2 Bf4 38. Be6 Nf1+ 39. Ke2 Nxe3 40. Kf2
Bxc4 41. Bd7 Kg7 42. g3 Nd1+ 43. Kg2 Bxg3 44. Kxg3 e3 45. Bxg4 e2 46. Bxe2 Bxe2
47. b3 Nb2 48. Kf4 Kf6 49. Ke4 Ke6 50. Ke3 Bd1 51. Kd2 Bxb3 52. Kc3 Bxa4 53.
Kxb2 Be8 54. Kb3 Kd5 55. Kc3 a5 56. Kb3 c4+ 57. Kc3 b5 58. Kc2 Kd4 59. Kd2 b4
0-1

[Event "CYCC U14 w"]
[Site "Windsor CAN"]
[Date "2010.07.09"]
[Round "7"]
[White "Kalaydina, Regina Veronicka"]
[Black "Vyravanathan, Sobiga"]
[Result "1-0"]
[WhiteElo "1957"]
[BlackElo "1242"]
[PlyCount "99"]
[EventDate "2010.07.06"]
[EventType "swiss"]
[EventRounds "7"]
[EventCountry "CAN"]

1. d4 Nf6 2. c4 e6 3. Nc3 Bb4 4. Qc2 Nc6 5. Nf3 O-O 6. e3 d5 7. cxd5 exd5 8.
Be2 Ne4 9. O-O Bf5 10. Bd3 Re8 11. a3 Ba5 12. b4 Bb6 13. Bd2 a6 14. Na4 Ba7 15.
Nc5 Bxc5 16. bxc5 Qf6 17. Bc3 Qg6 18. Nh4 Qg4 19. Nxf5 Qxf5 20. f3 Qg5 21. fxe4
Qxe3+ 22. Kh1 dxe4 23. Bc4 Nxd4 24. Bxd4 Qxd4 25. Bxf7+ Kh8 26. Bxe8 Rxe8 27.
Rad1 Qe5 28. Qc4 e3 29. Qf4 Qxc5 30. Qf7 Rg8 31. Rde1 Qxa3 32. Rf3 Rd8 33. Qxc7
Re8 34. Rfxe3 Qxe3 35. Rxe3 Rf8 36. Kg1 b5 37. Qe7 Rg8 38. Ra3 Ra8 39. Qb7 Rd8
40. Ra1 h6 41. Qxa6 b4 42. Qb6 Rf8 43. Qxb4 Rc8 44. h3 Rd8 45. Qe7 Rb8 46. Ra7
Rg8 47. Qf7 Kh7 48. Re7 Kh8 49. Qg6 h5 50. Qxh5# 1-0

[Event "CYCC U14 w"]
[Site "Windsor CAN"]
[Date "2010.07.09"]
[Round "7"]
[White "Robinson, Emily"]
[Black "Yu, Kexin"]
[Result "0-1"]
[WhiteElo "1112"]
[BlackElo "1384"]
[PlyCount "126"]
[EventDate "2010.07.06"]
[EventType "swiss"]
[EventRounds "7"]
[EventCountry "CAN"]

1. e4 e5 2. d4 exd4 3. Qxd4 Nc6 4. Qe3 d6 5. Bb5 Bd7 6. Bxc6 Bxc6 7. Nf3 Be7 8.
Nc3 Nf6 9. O-O O-O 10. e5 Ng4 11. Qe2 Nxe5 12. Nxe5 dxe5 13. Qxe5 Bd6 14. Qg5
Qxg5 15. Bxg5 h6 16. Bh4 f5 17. f3 Rfe8 18. Rad1 Re6 19. Nd5 Re2 20. Rf2 Bc5
21. Nxc7 Bxf2+ 22. Bxf2 Rc8 23. Bg3 Re7 24. Nd5 Rd7 25. Nc3 Rxd1+ 26. Nxd1 Rd8
27. Ne3 g6 28. Bc7 Rd2 29. Ba5 Re2 30. Nc4 Rxc2 31. Bc3 Re2 32. Ne5 Kh7 33.
Nxc6 bxc6 34. Kf1 Re6 35. a4 Kg8 36. h3 h5 37. g4 hxg4 38. hxg4 fxg4 39. fxg4
Re4 40. g5 Rxa4 41. b3 Ra3 42. Bd4 Rxb3 43. Bxa7 Rg3 44. Kf2 Rxg5 45. Kf3 Rf5+
46. Ke4 Kf7 47. Kd4 Ke6 48. Bc5 Rxc5 49. Kxc5 Ke5 50. Kxc6 g5 51. Kc5 g4 52.
Kc4 Ke4 53. Kc3 Ke3 54. Kc2 g3 55. Kd1 g2 56. Kc2 g1=Q 57. Kc3 Qc1+ 58. Kb4 Kd4
59. Kb5 Qc4+ 60. Kb6 Kd5 61. Ka5 Qb3 62. Ka6 Kc6 63. Ka5 Qb5# 0-1

[Event "CYCC U14 w"]
[Site "Windsor CAN"]
[Date "2010.07.09"]
[Round "7"]
[White "Yun, Chang"]
[Black "Giblon, Rebecca"]
[Result "1-0"]
[WhiteElo "1475"]
[BlackElo "1493"]
[PlyCount "101"]
[EventDate "2010.07.06"]
[EventType "swiss"]
[EventRounds "7"]
[EventCountry "CAN"]

1. e4 e5 2. Nf3 Nc6 3. Bb5 a6 4. Ba4 Nf6 5. O-O d6 6. Bxc6+ bxc6 7. d4 Nxe4 8.
Qe2 Bf5 9. dxe5 Be7 10. Nd4 Qd7 11. exd6 Nxd6 12. Re1 Nc8 13. Qc4 Bg6 14. Nxc6
O-O 15. Ne5 Qd8 16. Nxg6 hxg6 17. Nc3 Nb6 18. Qe4 Re8 19. Bf4 Qd7 20. Qf3 g5
21. Rad1 Qc8 22. Bg3 f5 23. Nd5 Nxd5 24. Qxd5+ Kf8 25. Be5 Bf6 26. Bxf6 gxf6
27. Rxe8+ Qxe8 28. Qxf5 Qe7 29. Kf1 Re8 30. Qf3 Qe5 31. b3 Qxh2 32. Qxf6+ Kg8
33. Qxg5+ Kh8 34. Qf6+ Kg8 35. Qg6+ Kf8 36. Qf5+ Kg8 37. Qg4+ Kf8 38. Qf3+ Kg8
39. Qg3+ Qxg3 40. fxg3 Re6 41. Rd8+ Kf7 42. Rd7+ Kg6 43. Rxc7 Rf6+ 44. Ke2 Kf5
45. Re7 Kg4 46. Re3 Rd6 47. c4 a5 48. Rd3 Rc6 49. Kd2 a4 50. Rf3 axb3 51. axb3
1-0

[Event "CYCC U16"]
[Site "Windsor CAN"]
[Date "2010.07.06"]
[Round "1"]
[White "Calugar, Arthur"]
[Black "Cunningham, Ross"]
[Result "1-0"]
[WhiteElo "2372"]
[BlackElo "1860"]
[PlyCount "75"]
[EventDate "2010.07.06"]
[EventType "swiss"]
[EventRounds "7"]
[EventCountry "CAN"]

1. b3 d5 2. Bb2 Bg4 3. g3 Nf6 4. Bg2 e6 5. Nf3 Bd6 6. O-O Nbd7 7. d4 O-O 8.
Nbd2 Re8 9. Ne5 Bh5 10. c4 c6 11. h3 Nf8 12. f4 Qc7 13. Qe1 c5 14. e3 Rad8 15.
Rc1 b6 16. b4 Rc8 17. cxd5 Nxd5 18. dxc5 bxc5 19. bxc5 Bxc5 20. Bxd5 exd5 21.
Nb3 Qb6 22. Rxc5 Rxc5 23. Bd4 Ne6 24. Nxc5 Nxd4 25. exd4 f6 26. Qf2 fxe5 27.
fxe5 Bg6 28. e6 Qd6 29. Re1 Rf8 30. Qe3 Re8 31. Qe5 Qc6 32. h4 h5 33. Qg5 Kh7
34. g4 hxg4 35. h5 Be4 36. Qxg4 Kg8 37. h6 g6 38. Rxe4 1-0

[Event "CYCC U16"]
[Site "Windsor CAN"]
[Date "2010.07.06"]
[Round "1"]
[White "Gladstone, Simon"]
[Black "Zhang, David"]
[Result "1/2-1/2"]
[WhiteElo "1946"]
[BlackElo "2134"]
[PlyCount "45"]
[EventDate "2010.07.06"]
[EventType "swiss"]
[EventRounds "7"]
[EventCountry "CAN"]

1. e4 c6 2. d4 d5 3. Nc3 dxe4 4. Nxe4 Nf6 5. Nxf6+ gxf6 6. c3 Bf5 7. Nf3 Qc7 8.
g3 Nd7 9. Bg2 O-O-O 10. O-O e5 11. Re1 h5 12. b4 Bd6 13. Nh4 Be6 14. Be3 Nb6
15. Qc2 Nc4 16. Rad1 Bg4 17. Rd3 Rde8 18. d5 cxd5 19. Rxd5 Be6 20. Rdd1 Bg4 21.
Rd5 Be6 22. Rdd1 Bg4 23. Rd5 1/2-1/2

[Event "CYCC U16"]
[Site "Windsor CAN"]
[Date "2010.07.06"]
[Round "1"]
[White "Li, Ruokai (David)"]
[Black "Sapozhnikov, Roman"]
[Result "0-1"]
[WhiteElo "1932"]
[BlackElo "2434"]
[PlyCount "124"]
[EventDate "2010.07.06"]
[EventType "swiss"]
[EventRounds "7"]
[EventCountry "CAN"]

1. e4 c5 2. Nf3 d6 3. d4 cxd4 4. Nxd4 Nf6 5. Nc3 Nc6 6. Bc4 Qb6 7. Nb3 e6 8.
O-O Be7 9. Be3 Qc7 10. Be2 a6 11. Na4 Nxe4 12. Nb6 Rb8 13. Bf3 Nc5 14. Nxc8
Rxc8 15. Nd4 Ne5 16. Be2 Ncd7 17. Bh5 O-O 18. c3 Nf6 19. Be2 Nc4 20. Bc1 d5 21.
b3 Na5 22. Bb2 Nc6 23. Nxc6 Qxc6 24. c4 Rfd8 25. Rc1 dxc4 26. Qe1 Qd6 27. Rxc4
Rxc4 28. Bxc4 Ng4 29. g3 Bf6 30. Bxf6 Nxf6 31. a4 Qd4 32. Qa1 Qxa1 33. Rxa1 Kf8
34. Kf1 Ne4 35. Ke2 Ke7 36. Ke3 Nd6 37. Rc1 Nf5+ 38. Ke2 Nd4+ 39. Ke3 e5 40. h4
Rc8 41. Rd1 Rc5 42. f4 b5 43. axb5 axb5 44. fxe5 Nf5+ 45. Kf4 bxc4 46. Kxf5
cxb3 47. Rb1 Rb5 48. Ke4 Ke6 49. Kd4 h5 50. Rb2 Rb8 51. Ke4 Rb4+ 52. Kf3 Kxe5
53. Ke3 Kf5 54. Kf3 g6 55. Kf2 Kg4 56. Kg2 f6 57. Kf2 g5 58. hxg5 fxg5 59. Kg2
h4 60. gxh4 gxh4 61. Kh2 Kf3 62. Kh3 Ke3 0-1

[Event "CYCC U16"]
[Site "Windsor CAN"]
[Date "2010.07.06"]
[Round "1"]
[White "Marinkovic, Mate"]
[Black "Zhang, Jason"]
[Result "1-0"]
[WhiteElo "2225"]
[BlackElo "1006"]
[PlyCount "93"]
[EventDate "2010.07.06"]
[EventType "swiss"]
[EventRounds "7"]
[EventCountry "CAN"]

1. c4 e5 2. g3 Nf6 3. Bg2 Nc6 4. Nf3 Bc5 5. O-O d6 6. a3 a5 7. Nc3 O-O 8. d3
Be6 9. b3 h6 10. e3 Bg4 11. Qc2 Qd7 12. Bb2 Bh3 13. Rad1 Bxg2 14. Kxg2 Qf5 15.
Nd5 Nxd5 16. cxd5 Ne7 17. e4 Qd7 18. Nxe5 dxe5 19. Qxc5 f6 20. d4 Ng6 21. dxe5
fxe5 22. f3 Qd8 23. Bc1 Rf7 24. d6 Qf8 25. Be3 Rc8 26. Rc1 c6 27. Rcd1 Rd7 28.
Qxa5 Qf6 29. Qc5 Rcd8 30. Qc4+ Kh7 31. Bb6 Re8 32. Bc5 Nh8 33. Rd3 Nf7 34. Rfd1
Red8 35. Qb4 Rb8 36. Bb6 Qe6 37. Bc7 Ra8 38. a4 b5 39. a5 Qe8 40. Qc5 Ra6 41.
Bb6 Qc8 42. Rc1 Nd8 43. Qxe5 Nb7 44. Qxb5 cxb5 45. Rxc8 Nxd6 46. Rc6 Nb7 47.
Rxd7 1-0

[Event "CYCC U16"]
[Site "Windsor CAN"]
[Date "2010.07.06"]
[Round "1"]
[White "Nadeau, Emmanuel"]
[Black "Kleinman, Michael"]
[Result "0-1"]
[WhiteElo "1770"]
[BlackElo "2233"]
[PlyCount "66"]
[EventDate "2010.07.06"]
[EventType "swiss"]
[EventRounds "7"]
[EventCountry "CAN"]

1. d4 Nf6 2. c4 g6 3. Nc3 d5 4. cxd5 Nxd5 5. Bd2 Bg7 6. Nf3 O-O 7. h3 Nc6 8. e4
Nb6 9. Be3 f5 10. exf5 Bxf5 11. Bb5 Qd6 12. O-O Rad8 13. Bxc6 Qxc6 14. Bg5 Bxh3
15. Bxe7 Rxd4 16. Qb3+ Rf7 17. Rad1 Nc4 18. Rxd4 Bxd4 19. Bh4 Nd2 20. Qd5 Qxd5
21. Nxd5 Nxf3+ 22. gxf3 Bxf1 23. Kxf1 Bxb2 24. Ke2 c6 25. Nb4 Rd7 26. Nd3 Bd4
27. f4 Kf7 28. Ne5+ Bxe5 29. fxe5 Ke6 30. f4 b5 31. Bf2 a5 32. Bc5 b4 33. Ke3
Rd5 0-1

[Event "CYCC U16"]
[Site "Windsor CAN"]
[Date "2010.07.06"]
[Round "1"]
[White "Wang, Jesse BJ"]
[Black "Xiong, Jerry"]
[Result "1/2-1/2"]
[WhiteElo "2072"]
[BlackElo "2295"]
[PlyCount "32"]
[EventDate "2010.07.06"]
[EventType "swiss"]
[EventRounds "7"]
[EventCountry "CAN"]

1. e4 c5 2. Nf3 d6 3. Bb5+ Bd7 4. Bxd7+ Nxd7 5. c3 Ngf6 6. Qe2 Qc7 7. O-O e6 8.
d4 Be7 9. Bf4 O-O 10. Na3 a6 11. Nc4 b5 12. Bxd6 Bxd6 13. Nxd6 Qxd6 14. e5 Qe7
15. exf6 Qxf6 16. Ne5 Nxe5 1/2-1/2

[Event "CYCC U16"]
[Site "Windsor CAN"]
[Date "2010.07.06"]
[Round "2"]
[White "Cunningham, Ross"]
[Black "Nadeau, Emmanuel"]
[Result "1-0"]
[WhiteElo "1860"]
[BlackElo "1770"]
[PlyCount "75"]
[EventDate "2010.07.06"]
[EventType "swiss"]
[EventRounds "7"]
[EventCountry "CAN"]

1. e4 c5 2. Nf3 e6 3. d4 cxd4 4. Nxd4 a6 5. Nc3 b5 6. a3 d6 7. Be3 Nf6 8. Bd3
Be7 9. O-O O-O 10. f4 Bb7 11. Qf3 Nbd7 12. Rae1 Nc5 13. Bd2 Rc8 14. Qg3 Kh8 15.
Kh1 Qb6 16. Nf3 Nxd3 17. cxd3 Nd7 18. Be3 Qc7 19. Bd4 Bf6 20. e5 dxe5 21. fxe5
Be7 22. Ne4 Nc5 23. Nd6 Qd7 24. Nxc8 Rxc8 25. Bxc5 Rxc5 26. Nd2 Kg8 27. Rc1 Rd5
28. Rc3 Rd4 29. Rf4 b4 30. Rxd4 Qxd4 31. Rc7 Qxb2 32. Qe1 bxa3 33. Rxe7 Kf8 34.
Rc7 a2 35. Rc1 Qd4 36. Nf3 Qxd3 37. Qb4+ Ke8 38. Qxb7 1-0

[Event "CYCC U16"]
[Site "Windsor CAN"]
[Date "2010.07.06"]
[Round "2"]
[White "Li, Ruokai (David)"]
[Black "Wang, Jesse BJ"]
[Result "0-1"]
[WhiteElo "1932"]
[BlackElo "2072"]
[PlyCount "92"]
[EventDate "2010.07.06"]
[EventType "swiss"]
[EventRounds "7"]
[EventCountry "CAN"]

1. e4 c5 2. Nf3 d6 3. d4 cxd4 4. Nxd4 Nf6 5. Nc3 a6 6. Bg5 e6 7. f4 Nbd7 8. Qf3
Qc7 9. O-O-O b5 10. g4 Bb7 11. Bxf6 Nxf6 12. g5 b4 13. gxf6 bxc3 14. bxc3 gxf6
15. f5 e5 16. Nb3 Qc6 17. Bd3 Rc8 18. c4 Qa4 19. Kb2 a5 20. Qe2 Ba6 21. c5 Bxd3
22. Qxd3 dxc5 23. Qa6 Qc6 24. Qxc6+ Rxc6 25. Nxa5 Rb6+ 26. Ka1 Rg8 27. Rhg1
Rxg1 28. Rxg1 Rb4 29. Re1 Bh6 30. Nb3 c4 31. c3 Rb5 32. Kb2 cxb3 33. axb3 Kd7
34. Re2 Kc6 35. Rg2 Rb8 36. Rg4 Bg5 37. h4 h5 38. Rg2 Bxh4 39. Rh2 Bg5 40. Rxh5
Rd8 41. Rh2 Rd1 42. Re2 Rc1 43. b4 Kb6 44. Rg2 Re1 45. Rg4 Kb5 46. Kb3 Re3 0-1

[Event "CYCC U16"]
[Site "Windsor CAN"]
[Date "2010.07.06"]
[Round "2"]
[White "Sapozhnikov, Roman"]
[Black "Marinkovic, Mate"]
[Result "1/2-1/2"]
[WhiteElo "2434"]
[BlackElo "2225"]
[PlyCount "68"]
[EventDate "2010.07.06"]
[EventType "swiss"]
[EventRounds "7"]
[EventCountry "CAN"]

1. e4 c5 2. Nf3 e6 3. d4 cxd4 4. Nxd4 Nc6 5. Nc3 Qc7 6. Be3 a6 7. Qd2 Nf6 8.
O-O-O Ng4 9. Bf4 e5 10. Nxc6 dxc6 11. Bg3 Be6 12. h3 Nf6 13. Be2 h6 14. Bd3 Be7
15. Bh2 b5 16. f4 Nh5 17. Ne2 c5 18. g4 Nxf4 19. Nxf4 exf4 20. Bxf4 Qxf4 21.
Qxf4 Bg5 22. Rdf1 Ke7 23. e5 Rad8 24. Kb1 Bxf4 25. Rxf4 g6 26. Be2 Rd5 27. Re4
Rhd8 28. Re3 Rd2 29. Re1 Bc4 30. Kc1 Bxe2 31. R3xe2 Rxe2 32. Rxe2 Rd5 33. Re3
b4 34. c4 Rd4 1/2-1/2

[Event "CYCC U16"]
[Site "Windsor CAN"]
[Date "2010.07.06"]
[Round "2"]
[White "Zhang, David"]
[Black "Wu, Kevin"]
[Result "1-0"]
[WhiteElo "2134"]
[BlackElo "1964"]
[PlyCount "81"]
[EventDate "2010.07.06"]
[EventType "swiss"]
[EventRounds "7"]
[EventCountry "CAN"]

1. e4 c5 2. Nf3 d6 3. Bb5+ Bd7 4. Bxd7+ Nxd7 5. O-O Ngf6 6. Qe2 Qc7 7. c3 g6 8.
d4 e6 9. Bf4 Nh5 10. Bg5 h6 11. Be3 Bg7 12. Nbd2 Nhf6 13. Bf4 Nh5 14. Be3 Nhf6
15. a4 O-O 16. h3 g5 17. h4 g4 18. Ne1 Kh8 19. Nd3 Rg8 20. g3 e5 21. d5 Raf8
22. b4 b6 23. Rfb1 h5 24. bxc5 Nxc5 25. Nxc5 bxc5 26. Qa6 Rb8 27. Bg5 Rxb1+ 28.
Rxb1 Rb8 29. Rb5 Ne8 30. Nc4 Kh7 31. Na5 Bh6 32. Bxh6 Kxh6 33. Kg2 Nf6 34. Qc6
Qd8 35. Nb7 Qg8 36. Nxd6 Rxb5 37. axb5 Qg6 38. Qxc5 Kh7 39. Qxa7 Kg7 40. Nf5+
Kh7 41. Qe3 1-0

[Event "CYCC U16"]
[Site "Windsor CAN"]
[Date "2010.07.06"]
[Round "2"]
[White "Zhang, Jason"]
[Black "Gladstone, Simon"]
[Result "0-1"]
[WhiteElo "1006"]
[BlackElo "1946"]
[PlyCount "62"]
[EventDate "2010.07.06"]
[EventType "swiss"]
[EventRounds "7"]
[EventCountry "CAN"]

1. e4 e6 2. d4 d5 3. exd5 exd5 4. Nf3 Bd6 5. Bd3 Nc6 6. O-O Nge7 7. Nc3 Bg4 8.
Be3 Qd7 9. h3 Bh5 10. a3 g5 11. Bxg5 Rg8 12. Bh4 Qxh3 13. Bg3 Qg4 14. Bxh7 Rg7
15. Bd3 Bxg3 16. fxg3 Qxg3 17. Rf2 O-O-O 18. Bf1 Rh8 19. Ne2 Bxf3 20. Nxg3 Bxd1
21. Rxd1 Rxg3 22. Rxf7 Ng6 23. Rg7 Nce7 24. Re1 Nf5 25. Rf7 Ngh4 26. Re6 Rhg8
27. Kf2 R3g5 28. c3 Nxg2 29. Bxg2 Rxg2+ 30. Kf3 Nh4+ 31. Kf4 Rf2+ 0-1

[Event "CYCC U16"]
[Site "Windsor CAN"]
[Date "2010.07.07"]
[Round "3"]
[White "Calugar, Arthur"]
[Black "Gladstone, Simon"]
[Result "1-0"]
[WhiteElo "2358"]
[BlackElo "1946"]
[PlyCount "135"]
[EventDate "2010.07.06"]
[EventType "swiss"]
[EventRounds "7"]
[EventCountry "CAN"]

1. e4 e6 2. d4 d5 3. e5 c5 4. c3 Nc6 5. Nf3 Qb6 6. a3 cxd4 7. cxd4 Nge7 8. b4
Nf5 9. Be3 Bd7 10. Bd3 Nxe3 11. fxe3 Be7 12. O-O O-O 13. Nc3 f6 14. exf6 Bxf6
15. Rc1 Rac8 16. Na4 Qd8 17. Nc5 b6 18. Nxd7 Qxd7 19. Bb5 Qb7 20. Qd3 Nb8 21.
Ba4 Rxc1 22. Rxc1 Rc8 23. Re1 Qc7 24. e4 Qc4 25. Qxc4 dxc4 26. Rc1 c3 27. Kf2
a5 28. b5 Be7 29. Bb3 Bxa3 30. Bxe6+ Kf8 31. Rc2 Re8 32. Bd5 Bb4 33. Ng1 Ke7
34. Ne2 Rc8 35. Ke3 Kd6 36. Kd3 Nd7 37. Bc6 Nb8 38. e5+ Ke6 39. Bf3 Nd7 40.
Bg4+ Ke7 41. Nxc3 Rxc3+ 42. Rxc3 Bxc3 43. Kxc3 Nf8 44. d5 Nd7 45. d6+ Ke8 46.
Kd4 Nc5 47. Kc4 a4 48. Bd1 a3 49. Bb3 Kd7 50. Ba2 Ke6 51. Kd4+ Kd7 52. Bd5 Na4
53. Kd3 Nc5+ 54. Kc2 Na4 55. Bc4 Nc5 56. Kb1 Na4 57. Ka2 Nb2 58. Be2 Na4 59.
Kxa3 Nc3 60. Bg4+ Kd8 61. Kb4 Nd5+ 62. Kb3 Ne3 63. Bf3 Kd7 64. Kc3 Ke6 65. Kd3
Nf1 66. Bg4+ Kf7 67. e6+ Ke8 68. Be2 1-0

[Event "CYCC U16"]
[Site "Windsor CAN"]
[Date "2010.07.07"]
[Round "3"]
[White "Marinkovic, Mate"]
[Black "Kleinman, Michael"]
[Result "0-1"]
[WhiteElo "2225"]
[BlackElo "2233"]
[PlyCount "118"]
[EventDate "2010.07.06"]
[EventType "swiss"]
[EventRounds "7"]
[EventCountry "CAN"]

1. c4 Nf6 2. g3 g6 3. Bg2 d5 4. cxd5 Nxd5 5. e4 Nb4 6. Bf1 N8c6 7. d3 Nd4 8.
Na3 Bg7 9. Bd2 Nbc6 10. Bc3 O-O 11. Nc2 f5 12. Nxd4 Nxd4 13. Bg2 fxe4 14. Bxe4
e5 15. Bxd4 Qxd4 16. Qb3+ Kh8 17. Nf3 Qb6 18. Qxb6 axb6 19. O-O c6 20. Rfe1 Ra4
21. Kg2 Bf6 22. a3 Kg7 23. h3 Kf7 24. Nd2 Be6 25. b3 Rd4 26. Nf3 Rd7 27. b4 Bd5
28. Re2 Bxe4 29. dxe4 Ra8 30. Raa2 b5 31. Re3 Ke6 32. Rc3 Be7 33. Rb2 Rd1 34.
Nd2 Bd8 35. Rd3 Bb6 36. Rbb3 h6 37. Nf3 Rd8 38. Rxd8 Rxd8 39. Kf1 Rd1+ 40. Ke2
Ra1 41. Nd2 Bd4 42. Rd3 Ra2 43. Ke1 Bb2 44. Nb3 b6 45. Kf1 Bxa3 46. Rc3 Kd7 47.
Rd3+ Kc7 48. Rf3 Bxb4 49. Rf7+ Kd8 50. Kg2 c5 51. Rf6 c4 52. Nc1 Rc2 53. Rxg6
Rxc1 54. Rxh6 Bc5 55. g4 Ke7 56. g5 b4 57. Rh7+ Kf8 58. g6 b3 59. Rf7+ Kg8 0-1

[Event "CYCC U16"]
[Site "Windsor CAN"]
[Date "2010.07.07"]
[Round "3"]
[White "Nadeau, Emmanuel"]
[Black "Zhang, Jason"]
[Result "1-0"]
[WhiteElo "1770"]
[BlackElo "1006"]
[PlyCount "93"]
[EventDate "2010.07.06"]
[EventType "swiss"]
[EventRounds "7"]
[EventCountry "CAN"]

1. d4 d5 2. c4 c6 3. Nc3 e6 4. Nf3 Nf6 5. Bg5 Nbd7 6. e3 Be7 7. Bd3 O-O 8. O-O
dxc4 9. Bxc4 b6 10. a3 c5 11. Rc1 cxd4 12. Nxd4 Bb7 13. Qe2 Re8 14. Rfd1 Ne4
15. Nxe4 Bxe4 16. Bxe7 Qxe7 17. Nb5 Nf6 18. Rd4 Bc6 19. h3 Bxb5 20. Bxb5 Rac8
21. Rcd1 Red8 22. Qd3 Rxd4 23. Qxd4 h6 24. Bc4 Qc5 25. Qxc5 Rxc5 26. Rd8+ Kh7
27. Bd3+ g6 28. Kf1 Rd5 29. Rxd5 exd5 30. Ke2 Kg7 31. Kd2 Ne4+ 32. Bxe4 dxe4
33. Kc3 f5 34. Kc4 Kf6 35. h4 Ke5 36. Kb5 f4 37. Ka6 fxe3 38. fxe3 Kd5 39. b3
Kc5 40. Kxa7 Kb5 41. Kb7 g5 42. hxg5 hxg5 43. a4+ Kc5 44. Ka6 Kc6 45. b4 Kc7
46. b5 g4 47. g3 1-0

[Event "CYCC U16"]
[Site "Windsor CAN"]
[Date "2010.07.07"]
[Round "3"]
[White "Wang, Jesse BJ"]
[Black "Sapozhnikov, Roman"]
[Result "0-1"]
[WhiteElo "2072"]
[BlackElo "2418"]
[PlyCount "90"]
[EventDate "2010.07.06"]
[EventType "swiss"]
[EventRounds "7"]
[EventCountry "CAN"]

1. e4 d6 2. Nf3 Nf6 3. c3 c6 4. Bd3 d5 5. e5 Ne4 6. Qe2 Nc5 7. Bc2 Bg4 8. d4
Ncd7 9. h3 Bxf3 10. Qxf3 e6 11. Qg3 c5 12. dxc5 Nxc5 13. O-O Nc6 14. Be3 Qc7
15. f4 g6 16. Nd2 Ne7 17. Nb3 Nf5 18. Bxf5 gxf5 19. Nxc5 Bxc5 20. Bxc5 Qxc5+
21. Qf2 Rc8 22. Rad1 Qxf2+ 23. Rxf2 Rg8 24. Rf3 Ke7 25. Rd4 b5 26. Rb4 Rc5 27.
a4 Rb8 28. axb5 Rcxb5 29. Rxb5 Rxb5 30. b4 a5 31. bxa5 Rxa5 32. Rg3 Ra4 33. Rf3
Kd7 34. Kf2 Ra2+ 35. Kg3 Rc2 36. Rf2 Rxc3+ 37. Kh4 Ke7 38. g4 f6 39. gxf5 fxe5
40. fxe5 exf5 41. Rxf5 Ke6 42. Rh5 d4 43. Rxh7 d3 44. Rh8 Rc4+ 45. Kg5 Rd4 0-1

[Event "CYCC U16"]
[Site "Windsor CAN"]
[Date "2010.07.07"]
[Round "3"]
[White "Wu, Kevin"]
[Black "Li, Ruokai (David)"]
[Result "0-1"]
[WhiteElo "1964"]
[BlackElo "1932"]
[PlyCount "108"]
[EventDate "2010.07.06"]
[EventType "swiss"]
[EventRounds "7"]
[EventCountry "CAN"]

1. e4 e6 2. f4 d5 3. e5 Nh6 4. Nf3 c5 5. c3 Be7 6. d4 Nc6 7. Bd3 Bd7 8. O-O Qb6
9. Bc2 cxd4 10. Nxd4 Bc5 11. Kh1 Nxd4 12. cxd4 Bxd4 13. Ba4 Rc8 14. Bxd7+ Kxd7
15. Qa4+ Rc6 16. Nc3 Ng4 17. h3 Nf2+ 18. Kh2 Bxc3 19. bxc3 Ne4 20. f5 Kc8 21.
fxe6 fxe6 22. Ba3 Rc4 23. Qd1 Qc7 24. Qh5 g6 25. Qh6 Qxe5+ 26. Kg1 Kb8 27. Rf8+
Rxf8 28. Qxf8+ Rc8 29. Qe7 b6 30. Rf1 Rc7 31. Qd8+ Kb7 32. Bb4 Qg7 33. Qe8 Qd7
34. Qh8 Ng3 35. Rf8 Nf5 36. Rb8+ Kc6 37. a4 a5 38. Ba3 Nd6 39. Rd8 Nf7 40. Rxd7
Nxh8 41. Rd6+ Kb7 42. Rxe6 Nf7 43. Re3 Ng5 44. Bd6 Rd7 45. Bf4 Ne4 46. c4 Nc5
47. cxd5 Rxd5 48. g4 Rd7 49. Ra3 Rd3 50. Rxd3 Nxd3 51. Bd2 Nc5 52. h4 Nxa4 53.
h5 gxh5 54. gxh5 Nc5 0-1